| 000 | 00365nam a2200145Ia 4500 | ||
|---|---|---|---|
| 003 | LK-CoDNM | ||
| 008 | 010623t1906 xxu||||| |||| 00| 1 eng d | ||
| 040 |
_aLK-CoDNM _dLK-CoDNM _eLK-CoDNM |
||
| 041 | _aeng | ||
| 080 |
_a50 _bA 38 |
||
| 245 | _aPlain facts about the Royal College | ||
| 260 |
_bMessenger Press _aColombo _c1906 |
||
| 300 | _b25P., 18 cm | ||
| 942 | _cBK | ||
| 999 |
_c86235 _d86235 |
||